[Event "Beth Harmon Loves A Good Knight"]
[Site "SchemingMind.com"]
[Date "2020.12.26"]
[Round "-"]
[White "Robert Bruce"]
[Black "Derek Price"]
[Result "1-0"]
[WhiteCountry "SCO"]
[BlackCountry "ENG"]
[WhiteElo "2500"]
[WhiteRD "66"]
[BlackElo "2231"]
[BlackRD "67"]
[GameID "463669"]

1. d4 d5 2. Nf3 Nf6 3. e3 e6 4. Bd3 c5 5. b3 cxd4 6. exd4 Nc6 7. O-O Be7 8. Bb2 O-O 9. Nbd2 Qb6 10. c4 Nb4
11. Be2 Nc6 12. a3 Bd7 13. c5 Qc7 14. b4 a6 15. Re1 Ne4 16. Nxe4 dxe4 17. Nd2 f5 18. Nc4 Bf6 19. f3 Bh4 20. d5 Bxe1
21. dxc6 Bxb4 22. axb4 Bxc6 23. Be5 Qd8 24. Qxd8 Rfxd8 25. Nd6 exf3 26. gxf3 Bd5 27. Kf2 g6 28. f4 Kf8 29. Ra3 Rd7 30. Bb5 Bc6
31. Bc4 Bd5 32. Bxd5 exd5 33. Ke3 Rad8 34. Kd4 Ke7 35. Kxd5 Rb8 36. Re3 Kf8 37. Bf6 Kg8 38. Re7 Rxe7 39. Bxe7 Kg7 40. Ke6 Kh6
41. Kd7 Kh5 42. Kc7 Rg8 43. Nxb7 h6 44. c6 g5 45. Nc5 gxf4 46. h3 f3 47. Nd3 Kg6 48. Ne5+ Kg7 49. Nxf3 Ra8 50. Bc5 Kf6
51. Kb7 Re8 52. Kxa6 Ke6 53. Bf2 Kd6 54. b5 Rg8 55. Nd4 f4 56. Nf5+ Ke6 57. c7 Kd7 58. Kb7 Re8 59. Nd4 Rg8 60. b6 h5
61. Nb5 f3 62. Ka7
1-0

[Event "Beth Harmon Loves A Good Knight"]
[Site "SchemingMind.com"]
[Date "2020.12.26"]
[Round "-"]
[White "The Stonewall"]
[Black "Robert Bruce"]
[Result "1/2-1/2"]
[WhiteCountry "ENG"]
[BlackCountry "SCO"]
[WhiteElo "2442"]
[WhiteRD "72"]
[BlackElo "2473"]
[BlackRD "74"]
[GameID "463670"]

1. d4 Nf6 2. Bg5 Ne4 3. Bf4 d5 4. e3 c5 5. Bd3 cxd4 6. exd4 Nc6 7. Bxe4 dxe4 8. Ne2 g6 9. Nbc3 Bg7 10. d5 Ne5
11. Nxe4 O-O 12. O-O b5 13. Re1 Bb7 14. Nc5 Qc8 15. Nxb7 Qxb7 16. Nc3 Nc4 17. Qe2 Nxb2 18. Qxb5 Qb6 19. Be5 Bxe5 20. Rxe5 Rfc8
21. Qxb6 axb6 22. Rb1 Kf8 23. Rxb2 Rxc3 24. Re2 Rc5 25. Rd2 b5=
1/2-1/2

[Event "Beth Harmon Loves A Good Knight"]
[Site "SchemingMind.com"]
[Date "2020.12.26"]
[Round "-"]
[White "Robert Bruce"]
[Black "The Stonewall"]
[Result "1-0"]
[WhiteCountry "SCO"]
[BlackCountry "ENG"]
[WhiteElo "2500"]
[WhiteRD "66"]
[BlackElo "2407"]
[BlackRD "76"]
[GameID "463671"]

1. c4 d6 2. g3 e5 3. Nc3 g6 4. Bg2 Bg7 5. d3 f5 6. e4 Nf6 7. Nge2 O-O 8. O-O c6 9. exf5 Bxf5 10. d4 Na6
11. h3 Qe7 12. g4 Be6 13. d5 cxd5 14. cxd5 Bd7 15. Ng3 Nc7 16. Qb3 Rab8 17. Rd1 b6 18. Bg5 a5 19. Qc4 Rfc8 20. Qd3 b5
21. Nce4 b4 22. Rac1 Qf8 23. Nxf6+ Bxf6 24. Be3 Nb5 25. Rxc8 Rxc8 26. Ne4 Be7 27. a3 bxa3 28. bxa3 Rb8 29. Rb1 Nc7 30. Bb6 Nb5
31. Bxa5 Nd4 32. Rxb8 Qxb8 33. Bd2 Bb5 34. Qb1 Qa8 35. Nc3 Bc4 36. Qb6 Qf8 37. Be3 Nc2 38. Bd2 Nd4 39. Qa7 Bh4 40. Be3 Nc2
41. g5 Bd3 42. Be4 Nxe3 43. Qxe3 Bc4 44. Bg2 h6 45. a4 Bxg5 46. Qe4 Qf4 47. Qxg6+ Kh8 48. Qe8+ Kg7 49. Qd7+ Kh8 50. Ne4 Bxd5
51. Ng3 Qc1+ 52. Kh2 Qc4 53. Nf5 Qf4+ 54. Kg1 Qc1+ 55. Bf1 Bf6 56. Ne3 Qc6 57. Qf5 Bg7 58. a5 Be4 59. Qe6 Qc7 60. a6 Qb8
61. Nd5 h5 62. Ne7 Kh7 63. Qc4 d5 64. Nxd5 Bg6 65. Ne7
1-0

[Event "Beth Harmon Loves A Good Knight"]
[Site "SchemingMind.com"]
[Date "2020.12.25"]
[Round "-"]
[White "Transcendent"]
[Black "Robert Bruce"]
[Result "0-1"]
[WhiteCountry "ENG"]
[BlackCountry "SCO"]
[WhiteElo "2041"]
[WhiteRD "67"]
[BlackElo "2473"]
[BlackRD "74"]
[GameID "463672"]

1. d4 d5 2. c4 e6 3. Nf3 c5 4. cxd5 exd5 5. g3 Nc6 6. Bg2 Nf6 7. O-O Be7 8. dxc5 Bxc5 9. Qc2 Bb6 10. Nc3 O-O
11. Na4 Re8 12. Bg5 Ba5 13. Rac1 h6 14. Bf4 Bg4 15. Rfd1 Qe7 16. h3 Bh5 17. Be3 Bb4 18. a3 Bg6 19. Qb3 Bd6 20. Nh4 Bh7
21. Bc5 Na5 22. Qb5 Bxc5 23. Rxc5 Nc6 24. Rdc1 Nd4
0-1

[Event "Beth Harmon Loves A Good Knight"]
[Site "SchemingMind.com"]
[Date "2020.12.26"]
[Round "-"]
[White "Robert Bruce"]
[Black "Transcendent"]
[Result "1-0"]
[WhiteCountry "SCO"]
[BlackCountry "ENG"]
[WhiteElo "2472"]
[WhiteRD "72"]
[BlackElo "2089"]
[BlackRD "64"]
[GameID "463673"]

1. f4 d5 2. Nf3 g6 3. e3 Bg7 4. Bd3 c5 5. O-O Nc6 6. Bb5 Qc7 7. d4 a6 8. Be2 Nf6 9. c3 Bf5 10. Bd2 O-O
11. Be1 Ng4 12. Bd2 Qb6 13. Qb3 Qxb3 14. axb3 Nf6 15. dxc5 Ne4 16. b4 a5 17. b5 Nd8 18. Nd4 Nxc5 19. Nxf5 gxf5 20. Rd1 b6
21. Bf3 e6 22. c4 Bxb2 23. Ra2 Bf6 24. cxd5 exd5 25. Bc3 Bxc3 26. Nxc3 Nde6 27. Rxd5 Rad8 28. Rxf5 Rd3 29. Nd5 Rb3 30. Nxb6 Rb1+
31. Kf2 Rxb5 32. Nd5 Rfb8 33. Ne7+ Kf8 34. Nc6 Rb2+ 35. Rxb2 Rxb2+ 36. Kg3
1-0

[Event "Beth Harmon Loves A Good Knight"]
[Site "SchemingMind.com"]
[Date "2020.12.26"]
[Round "-"]
[White "Robert Bruce"]
[Black "JAHI"]
[Result "1-0"]
[WhiteCountry "SCO"]
[BlackCountry "INT"]
[WhiteElo "2472"]
[WhiteRD "72"]
[BlackElo "2052"]
[BlackRD "72"]
[GameID "463674"]

1. d4 d6 2. c4 g6 3. Nc3 Bg7 4. e4 a6 5. Be3 a5 6. f4 Na6 7. Nf3 Kf8 8. Bd3 Bg4 9. h3 Bxf3 10. Qxf3 e6
11. Rd1 Ne7 12. f5 exf5 13. exf5 Nxf5 14. O-O Qd7 15. Bxf5 gxf5 16. Ne2 Re8 17. Ng3 f4 18. Bxf4 h6 19. Nh5 Rh7 20. c5 dxc5
21. Be5 cxd4 22. Bxg7+ Rxg7 23. Nxg7 Kxg7 24. Qf6+ Kh7 25. Rxd4 Qe6 26. Qh4 Nb4 27. Rdf4 Rf8 28. Rf6 Qe3+ 29. Kh2 Nd5 30. Rxf7+ Rxf7
31. Rxf7+ Kg6 32. Rf1 Qe5+ 33. Kh1 Nf6 34. Re1 Qg5 35. Qc4 Qd2 36. Rf1 Qd6 37. Qc2+ Kg7 38. a4 b6 39. Qf5 c6 40. b3 c5
41. Rf2 Qd4 42. Rf1 Qd6 43. Qf3 Kg6 44. Qe2 Kf7 45. Qh5+ Kg7 46. Qe2 Kf7 47. Qc2 Kg7 48. Qc3 h5 49. Qf3 h4 50. Qf5 Qd4
51. Rf4 Qd1+ 52. Rf1 Qd4 53. Qe6 Qc3 54. Qd6 Qd4 55. Qxd4 cxd4 56. Kh2 Ne4 57. Rf4 Nc5 58. Rxd4 Nxb3 59. Rd7+ Kg8 60. Rd6 Nc5
61. Rxb6 Nxa4 62. Rh6 Nb2 63. Rxh4 Kg7 64. Rh5 a4 65. Rc5 a3 66. Kg3 Kf6 67. Rc7 Kg6 68. Ra7 Nc4 69. Kf4 Kf6 70. h4 Nd6
71. Rxa3 Nb5 72. Rb3 Nd4 73. Rb6+ Ke7 74. Ke5 Ne2 75. Rb7+ Ke8 76. h5 Nc1 77. Ke6 Kf8 78. Kf6 Kg8 79. g4 Nd3 80. g5 Nf4
81. Rb8+ Kh7 82. g6+ Nxg6 83. hxg6+ Kh6 84. Rh8#
1-0

[Event "Beth Harmon Loves A Good Knight"]
[Site "SchemingMind.com"]
[Date "2020.12.25"]
[Round "-"]
[White "JAHI"]
[Black "Robert Bruce"]
[Result "0-1"]
[WhiteCountry "INT"]
[BlackCountry "SCO"]
[WhiteElo "2052"]
[WhiteRD "72"]
[BlackElo "2472"]
[BlackRD "72"]
[GameID "463675"]

1. c3 Nf6 2. c4 e5 3. Nc3 Bb4 4. a3 Bxc3 5. dxc3 d6 6. Bg5 h6 7. Bxf6 Qxf6 8. g3 Be6 9. Bg2 Nd7 10. b3 O-O-O
11. a4 g5 12. a5 g4 13. a6 b6 14. e3 Nc5 15. Ne2 Qg6 16. Nc1 h5 17. Bd5 h4 18. Rf1 hxg3 19. hxg3 Bxd5 20. Qxd5 Qc2
21. Qd2 Qf5 22. Ra2 Ne4 23. Qd3 Rh5 24. b4 Rdh8 25. Kd1 Qf3+ 26. Kc2 Rh1 27. Qd1 Rxf1 28. Qxf1 Nxg3 29. Qd1 Qxd1+ 30. Kxd1 Rh1+
31. Kc2 Ne4 32. Nd3 Rf1 33. Kb3 Rb1+ 34. Kc2 Rf1 35. Kb3 Rd1 36. f3 gxf3 37. Nf2 Nxf2 38. Rxf2 e4 39. c5 bxc5 40. bxc5 Kd7
41. cxd6 Kxd6 42. Kc4 Rd3 43. Rh2 f5 44. Rf2 Rxe3 45. Ra2 Re2 46. Ra5 f4 47. Rf5 Rd2 48. Rxf4 f2 49. Kb4 Ke5 50. Rf8 e3
51. Re8+ Kf4 52. Rf8+ Ke4 53. c4 e2 54. Rxf2 e1=Q 55. Rxd2 Qxd2+ 56. Kb5 Qd6 57. c5 Qd5 58. Kb4 Kd4 59. Ka3 Kc3 60. Ka4 Qc4+
61. Ka3 Qxa6#
0-1

[Event "Beth Harmon Loves A Good Knight"]
[Site "SchemingMind.com"]
[Date "2020.12.22"]
[Round "-"]
[White "Steven DuCharme"]
[Black "William Lindberg"]
[Result "0-1"]
[WhiteCountry "USA"]
[BlackCountry "USA"]
[WhiteElo "1554"]
[WhiteRD "55"]
[BlackElo "2471"]
[BlackRD "68"]
[GameID "463684"]

1. Nf3 d5 2. e3 e6 3. c4 Nf6 4. Nc3 b6 5. Be2 Bb7 6. O-O Nbd7 7. b3 Bd6 8. Bb2 c5 9. Nb5 Be7 10. cxd5 exd5
11. d4 a6 12. Na3 O-O 13. Rc1 Rc8 14. Ne5 Nb8 15. Bf3 Re8 16. Nac4 b5 17. Na3 Bd6 18. Ng4 Ne4 19. Ne5 f6 20. Bxe4 dxe4
21. dxc5 Bxe5 22. Bxe5 Rxe5 23. b4 Bd5 24. Rc2 Nc6 25. Rd2 Nxb4
0-1

[Event "Beth Harmon Loves A Good Knight"]
[Site "SchemingMind.com"]
[Date "2020.12.21"]
[Round "-"]
[White "William Lindberg"]
[Black "Steven DuCharme"]
[Result "1-0"]
[WhiteCountry "USA"]
[BlackCountry "USA"]
[WhiteElo "2471"]
[WhiteRD "68"]
[BlackElo "1554"]
[BlackRD "55"]
[GameID "463685"]

1. c4 Nf6 2. d4 e6 3. Nf3 Bb4+ 4. Nbd2 Ne4 5. g3 O-O 6. Bg2 Nxd2 7. Nxd2 Nc6 8. e3 d5 9. a3 Be7 10. O-O b6
11. Qf3 Bb7 12. cxd5 exd5 13. Qxd5 Qxd5 14. Bxd5 Rad8 15. Bg2 Na5 16. b4 Bxg2 17. Kxg2 Nb7 18. Bb2 c5 19. Rfc1 Rc8 20. dxc5 bxc5
21. b5 Rfd8 22. Rc2 Nd6 23. a4 Bf6 24. Bxf6 gxf6 25. Rac1 Nb7 26. Ne4 Kg7 27. Nxc5 Nxc5 28. Rxc5 Rxc5 29. Rxc5 Rd7 30. a5 Rb7
31. Kf3 h6 32. Ke4
1-0

[Event "Beth Harmon Loves A Good Knight"]
[Site "SchemingMind.com"]
[Date "2020.12.21"]
[Round "-"]
[White "Derek Price"]
[Black "William Lindberg"]
[Result "0-1"]
[WhiteCountry "ENG"]
[BlackCountry "USA"]
[WhiteElo "2237"]
[WhiteRD "64"]
[BlackElo "2432"]
[BlackRD "67"]
[GameID "463686"]

1. c4 e5 2. Nc3 Nf6 3. Nf3 Nc6 4. g3 Bb4 5. Bg2 O-O 6. O-O Re8 7. Nd5 d6 8. Nxb4 Nxb4 9. a3 Nc6 10. d3 e4
11. dxe4 Nxe4 12. Be3 h6 13. Nd4 Bd7 14. Nxc6 Bxc6 15. Re1 Ng5 16. Bxc6 bxc6 17. b4 Qd7 18. Bxg5 hxg5 19. Rc1 a5 20. b5 Re5
21. Qd3 Qh3 22. Qf3 Rc5 23. bxc6 g4 24. Qg2 Re8 25. Qxh3 gxh3 26. e4 Rxc6 27. Kf1 Rb6 28. Rc3 a4 29. c5 Rc6 30. Rec1 Rxe4
31. cxd6 Rxc3 32. Rxc3= cxd6 33. Rd3 Rc4 34. Ke2 Rc2+ 35. Kf3 Ra2 36. Kg4 Rxf2 37. Kxh3 Ra2 38. Kg4 Rxh2 39. Rxd6 Ra2 40. Rd3 g6
41. Kf4 Kg7 42. g4 Rf2+ 43. Ke4 g5 44. Kd5 Rf4 45. Rg3 f5 46. gxf5 Kf6 47. Kc5 Kxf5 48. Rg2 Kf6 49. Rg3 Kf5 50. Rg2 g4
51. Rg1 Re4 52. Rf1+ Kg5 53. Rg1 Kf4 54. Rf1+ Ke3 55. Kd5 Rf4 56. Rc1 g3 57. Ke5 Rd4 58. Rg1 Re4+ 59. Kf5 Rf4+ 60. Kg5 Rf3
61. Kg4 Kf2 62. Ra1 Rb3 63. Ra2+ Kf1 64. Ra1+ Kf2 65. Ra2+ Kf1 66. Ra1+ Ke2 67. Kh3 Rd3 68. Kg2 Kd2 69. Ra2+ Kc3 70. Kf1 Rd2
71. Ra1 Kb2 72. Re1 Kxa3 73. Rb1 Rb2 74. Ra1+ Kb3 75. Re1 a3 76. Re3+ Ka4 77. Re4+ Rb4 78. Re2 Rb1+ 79. Kg2 Rb2 80. Kf3 Rxe2
81. Kxe2 a2
0-1

[Event "Beth Harmon Loves A Good Knight"]
[Site "SchemingMind.com"]
[Date "2020.12.21"]
[Round "-"]
[White "William Lindberg"]
[Black "Derek Price"]
[Result "1-0"]
[WhiteCountry "USA"]
[BlackCountry "ENG"]
[WhiteElo "2471"]
[WhiteRD "68"]
[BlackElo "2249"]
[BlackRD "74"]
[GameID "463687"]

1. e4 c5 2. Nf3 a6 3. c3 e6 4. d4 d5 5. e5 Bd7 6. Bd3 Nc6 7. Bc2 Qc7 8. O-O Nge7 9. Re1 cxd4 10. cxd4 Ng6
11. Nc3 Be7 12. g3 O-O 13. h4 h5 14. Be3 Rac8 15. Nd2 b5 16. Rc1 Qb6 17. Qxh5 Ncxe5 18. dxe5 d4 19. Bg5 dxc3 20. Ne4 cxb2
21. Bxe7 bxc1=Q 22. Rxc1 Rxc2 23. Rxc2 Nxe7 24. Ng5 Re8 25. Qxf7+ Kh8 26. Qh5+ Kg8 27. Rd2 Qc7 28. Qf7+ Kh8 29. Rd6 Rc8 30. Qxe7 Qc1+
31. Kh2 Qc2 32. Qf7 Bc6 33. Rxe6 Rd8 34. Rh6+ gxh6 35. Qf6+ Kg8 36. Qxd8+ Kg7 37. Qf6+ Kg8 38. Qf7+ Kh8 39. Qf8#
1-0

[Event "Beth Harmon Loves A Good Knight"]
[Site "SchemingMind.com"]
[Date "2020.12.26"]
[Round "-"]
[White "The Stonewall"]
[Black "William Lindberg"]
[Result "1/2-1/2"]
[WhiteCountry "ENG"]
[BlackCountry "USA"]
[WhiteElo "2427"]
[WhiteRD "70"]
[BlackElo "2490"]
[BlackRD "74"]
[GameID "463688"]

1. c4 e5 2. Nc3 Nf6 3. Nf3 Nc6 4. e3 Bb4 5. Qc2 O-O 6. Nd5 d6 7. a3 Bc5 8. Bd3 Ng4 9. Bxh7+ Kh8 10. Bf5 Ne7
11. Bxc8 Rxc8 12. h3 Nh6 13. Nc3 Nef5 14. b4 Bb6 15. O-O Nh4 16. Nxh4 Qxh4 17. Ne2 c6 18. Bb2 Qe7 19. d4 e4 20. Rac1 d5
21. cxd5 cxd5 22. Qxc8 Rxc8 23. Rxc8+ Kh7 24. Rfc1 Nf5 25. Ra8 Qd7 26. Rcc8 Kg6 27. Rh8 Bc7 28. g4 Nh6 29. Rxa7 Qc6 30. Kf1 f5
31. gxf5+ Nxf5 32. Bc3 Qb6 33. Raa8 Qf6 34. Bd2 Qg5 35. Rac8 Bh2 36. Rc5 Nh4 37. Rxh4 Qxh4 38. Rxd5 Qxh3+ 39. Ke1 Qg2 40. Nc3 Qh1+
41. Ke2 Qf3+ 42. Ke1 Qh1+ 43. Ke2 Qf3+=
1/2-1/2

[Event "Beth Harmon Loves A Good Knight"]
[Site "SchemingMind.com"]
[Date "2020.12.26"]
[Round "-"]
[White "William Lindberg"]
[Black "The Stonewall"]
[Result "1/2-1/2"]
[WhiteCountry "USA"]
[BlackCountry "ENG"]
[WhiteElo "2494"]
[WhiteRD "72"]
[BlackElo "2442"]
[BlackRD "72"]
[GameID "463689"]

1. e4 e6 2. d4 d5 3. Nc3 Bb4 4. exd5 exd5 5. Nf3 Ne7 6. Bd3 Nbc6 7. h3 Bf5 8. O-O O-O 9. Ne2 Re8 10. Ng3 Bxd3
11. Qxd3 Qd7 12. c3 Bd6 13. Nh4 Bxg3 14. fxg3 Ng6 15. Bd2 Nxh4 16. gxh4 Re6 17. h5 Rae8 18. Qg3 Re2 19. Bh6 g6 20. Qf3 Nd8
21. hxg6 hxg6 22. Qf6 Ne6 23. Rae1 Rxe1 24. Rxe1 Kh7 25. Bd2 Qe7 26. Qxe7 Rxe7 27. Re5 c6 28. Bg5 Re8 29. Bf6 Nc7 30. h4 Re6
31. Rxe6 Nxe6 32. Kf2 Nc7 33. Be5 Ne6 34. Bf6 Nc7 35. g4 Ne8 36. Be5 f6 37. Bh2 Kh6 38. Kf3 b5 39. Bb8 a6 40. b3 Ng7
41. Bd6 Ne8 42. Bh2 Ng7 43. Bd6 Ne8 44. Bh2=
1/2-1/2

[Event "Beth Harmon Loves A Good Knight"]
[Site "SchemingMind.com"]
[Date "2020.12.22"]
[Round "-"]
[White "Transcendent"]
[Black "William Lindberg"]
[Result "0-1"]
[WhiteCountry "ENG"]
[BlackCountry "USA"]
[WhiteElo "2107"]
[WhiteRD "68"]
[BlackElo "2432"]
[BlackRD "67"]
[GameID "463690"]

1. d4 Nf6 2. c4 e6 3. g3 Bb4+ 4. Bd2 Be7 5. Bg2 d5 6. Nf3 O-O 7. O-O c6 8. Qc2 b6 9. Rd1 Nbd7 10. Bf4 Bb7
11. Ne5 Nh5 12. Bd2 Rc8 13. Nc3 f5 14. Rac1 Nhf6 15. Qa4 Nxe5 16. dxe5 Nd7 17. cxd5 cxd5 18. Bf4 a6 19. h4 h6 20. h5 Nc5
21. Qc2 Qe8 22. Bf3 Ne4 23. Qb3 Bc6 24. a3 Bc5 25. e3 Ng5 26. Bxg5 hxg5 27. Qc2 a5 28. Ne2 Ba4 29. b3 Bd7 30. Qb2 Qe7
31. b4 axb4 32. axb4 Bxb4 33. Rxc8 Bxc8 34. Ra1 Bc5 35. Nd4 Qc7 36. Nb3 Bd7 37. g4 f4 38. e4 d4 39. Nc1 Bc6 40. Nd3 Ra8
41. Rxa8+ Bxa8 42. Qb3 Kf7 43. Qc4 Ke7 44. Qa2 Bc6 45. Kg2 Qd7 46. Qb1 Qa7 47. Qb3 Qa5 48. Qb1 Kd7 49. Qb3 Qc3 50. Qb1 b5
51. Nxc5+ Qxc5
0-1

[Event "Beth Harmon Loves A Good Knight"]
[Site "SchemingMind.com"]
[Date "2020.12.21"]
[Round "-"]
[White "William Lindberg"]
[Black "Transcendent"]
[Result "1-0"]
[WhiteCountry "USA"]
[BlackCountry "ENG"]
[WhiteElo "2494"]
[WhiteRD "72"]
[BlackElo "2041"]
[BlackRD "67"]
[GameID "463691"]

1. c4 e5 2. Nc3 Bb4 3. Nd5 Bc5 4. e3 Nf6 5. b4 Be7 6. Nxe7 Qxe7 7. a3 O-O 8. Be2 d6 9. Bb2 a5 10. Nf3 Bg4
11. h3 Bh5 12. O-O Nbd7 13. d3 Rfe8 14. g4 Bg6 15. g5 Nh5 16. Kh2 axb4 17. axb4 Rxa1 18. Bxa1 Ra8= 19. Rg1 e4 20. dxe4 Bxe4
21. Bb2 Bg6 22. Nh4 Qe4 23. Rg4 Qc2 24. Qxc2 Bxc2 25. Rd4 g6 26. c5 Ra2 27. Bc3 Ra3 28. Be1
1-0

[Event "Beth Harmon Loves A Good Knight"]
[Site "SchemingMind.com"]
[Date "2020.12.26"]
[Round "-"]
[White "Robert Bruce"]
[Black "William Lindberg"]
[Result "1-0"]
[WhiteCountry "SCO"]
[BlackCountry "USA"]
[WhiteElo "2463"]
[WhiteRD "71"]
[BlackElo "2483"]
[BlackRD "67"]
[GameID "463692"]

1. d4 Nf6 2. c4 e6 3. g3 Bb4+ 4. Bd2 Be7 5. Bg2 O-O 6. Nf3 d5 7. O-O c6 8. Qc2 b6 9. Bf4 Bb7 10. Rd1 Nbd7
11. Ne5 Nh5 12. Bd2 Nhf6 13. cxd5 cxd5 14. Nc3 Nxe5 15. dxe5 Ng4 16. Nb5 Nxe5 17. Bc3 Ng4 18. e4 Bc5 19. Be1 a6 20. Nd4 Qg5
21. h3 Nf6 22. Nf3 Qg6 23. b4 Qxe4 24. Qb2 Bd6 25. Bc3 Qg6 26. Nh4 Qh5 27. Bd4 Rfc8 28. Bf3 Qh6 29. Be3 g5 30. Qd2 Nd7
31. Bxg5 Qg7 32. Bg2 Qc3 33. Qe2 Bxb4 34. Bd2 Qc5 35. Qg4+ Kh8 36. Bxb4 Qc7 37. Qh5 Qe5 38. Qxf7 Rc7 39. Re1 Nc5 40. Qxh7+ Kxh7
41. Rxe5 Nd3 42. Rh5+ Kg8 43. Bd6 Rc6 44. Rd1 Rxd6 45. Rg5+ Kh8 46. Rxd3 Rg8 47. Rh5+ Kg7 48. Rg5+ Kh8 49. Re5 Rg7 50. Rf3 Kg8
51. Rf6 Rf7 52. Rg5+ Kf8 53. Ng6+ Ke8 54. Rxf7 Kxf7 55. Ne5+ Kf6 56. h4 Bc6 57. f4 Be8 58. h5 Bxh5 59. Rxh5 Kg7 60. Bf1 Rd8
61. Bd3 Rh8 62. Rxh8 Kxh8 63. Bxa6 Kg7 64. Bb5 Kg8 65. Kf1 Kf8 66. Nd7+ Ke7 67. Kf2 d4 68. Ke2 Kf7 69. Kd3 Ke7 70. Kxd4 Kf7
71. Ke5 Ke7 72. Nxb6 Kf7 73. Bc4 Ke8 74. Kxe6
1-0

[Event "Beth Harmon Loves A Good Knight"]
[Site "SchemingMind.com"]
[Date "2020.12.25"]
[Round "-"]
[White "William Lindberg"]
[Black "Robert Bruce"]
[Result "1/2-1/2"]
[WhiteCountry "USA"]
[BlackCountry "SCO"]
[WhiteElo "2483"]
[WhiteRD "67"]
[BlackElo "2463"]
[BlackRD "71"]
[GameID "463693"]

1. e4 c6 2. Nc3 d5 3. Nf3 Bg4 4. d4 e6 5. h3 Bh5 6. Bd3 Bd6 7. e5 Bc7 8. g4 Bg6 9. Bxg6 hxg6 10. Ne2 Qd7
11. Nf4 c5 12. c3 Ne7 13. O-O Nbc6 14. Re1 O-O 15. dxc5 f6 16. exf6 Rxf6 17. Nd3 Raf8 18. Ng5 e5 19. f3 Kh8 20. Qe2 Ng8
21. b4 Nh6 22. Bd2 Nf7 23. Rf1 Ncd8 24. Rae1 b6 25. h4 Nxg5 26. Bxg5 Re6 27. Kg2 Nf7 28. Qd1 Nxg5 29. hxg5 Kh7 30. Nf2 Re7
31. Qd3 Qe6 32. c4 dxc4 33. Qc3 Rd7 34. Rd1 Rxd1 35. Rxd1 Rd8 36. Re1 Qf7 37. Qc2 Rd4 38. Ne4 Qe8 39. Rh1+ Kg8 40. Kg3 b5
41. Qh2 Kf7 42. Qc2 Kg8 43. a3 Qf7 44. Rf1 a5 45. bxa5 Bxa5 46. Rb1 Qe8 47. Qb2 Qf7 48. Qxb5 Qf4+ 49. Kg2 Rd2+ 50. Nxd2 Qxd2+
51. Kh3 Qe2 52. Qb7 Be1 53. Qd5+ Kh7 54. Rxe1 Qxe1 55. Qxc4 Qh1+ 56. Kg3 Qg1+ 57. Kh3 Qh1+=
1/2-1/2

[Event "Beth Harmon Loves A Good Knight"]
[Site "SchemingMind.com"]
[Date "2020.12.21"]
[Round "-"]
[White "William Lindberg"]
[Black "JAHI"]
[Result "1-0"]
[WhiteCountry "USA"]
[BlackCountry "INT"]
[WhiteElo "2483"]
[WhiteRD "67"]
[BlackElo "2121"]
[BlackRD "75"]
[GameID "463694"]

1. d4 d6 2. e4 g6 3. Nf3 Bg4 4. Bc4 e6 5. Nbd2 Bg7 6. h3 Bxf3 7. Nxf3 Nd7 8. c3 Ne7 9. Qb3 Qb8 10. O-O h6
11. Bf4 a6 12. a4 Qa7 13. a5 Kf8 14. Rae1 Re8 15. Bxe6 fxe6 16. Qxe6 Nf6 17. Nh4 Nh5 18. Nxg6+ Nxg6 19. Qf5+ Kg8 20. Qxg6 Nxf4
21. Qxe8+ Kh7 22. Qf7 Rf8 23. Qxc7 Rf6 24. Kh2 Qa8 25. g3 Ne6 26. Qc4 Qg8 27. f4 Qf7 28. e5 dxe5 29. dxe5 Rf5 30. g4 Rxf4
31. Rxf4 Qxf4+ 32. Qxf4 Nxf4 33. e6 Nd5 34. e7 Nc7 35. e8=Q Nxe8 36. Rxe8 Bf6 37. Kg2 Kg6 38. Rb8 Bg5 39. Rxb7 Kf6 40. Rb6+ Ke7
41. Rxa6 Kd7 42. Rb6 Kc7 43. Rb3 Kc6 44. a6 Be3 45. Kf3 Bc5 46. Rb7 Bg1 47. Ke4 Bc5 48. Rf7 Kb5 49. Kd5 Be3 50. a7 Bxa7
51. Rxa7 Kb6 52. Rh7 Kb5 53. Rxh6 Ka4 54. Kc4 Ka5 55. g5 Ka4 56. Ra6#
1-0

[Event "Beth Harmon Loves A Good Knight"]
[Site "SchemingMind.com"]
[Date "2020.12.22"]
[Round "-"]
[White "JAHI"]
[Black "William Lindberg"]
[Result "0-1"]
[WhiteCountry "INT"]
[BlackCountry "USA"]
[WhiteElo "2052"]
[WhiteRD "72"]
[BlackElo "2477"]
[BlackRD "70"]
[GameID "463695"]

1. c3 Nf6 2. c4 e5 3. Nc3 Bb4 4. a3 Bxc3 5. dxc3 d6 6. Bg5 h6 7. Bxf6 Qxf6 8. g3 Be6 9. Bg2 Nd7 10. b3 O-O
11. h3 a5 12. a4 Nc5 13. Nf3 Rad8 14. Nd2 d5 15. cxd5 Bxd5 16. Bxd5 Rxd5 17. Qc2 Qc6 18. Rh2 Rfd8 19. Nc4 b5 20. Nxa5 Qd7
21. Kf1 Rd2 22. Qb1 bxa4 23. bxa4 Qd6 24. Nc4 Rd1+ 25. Qxd1 Qxd1+ 26. Rxd1 Rxd1+ 27. Kg2 Nxa4 28. Nxe5 Nxc3 29. Kf3 c5 30. h4 Nb5
31. h5 f6 32. Nc6 Kf7 33. e3 Ke6 34. Na5 Kd5 35. Rh4 Nd6 36. e4+ Ke6 37. Ke2 Rb1 38. Rg4 Rb2+ 39. Ke1 Rb5 40. Nc6 Ne8
41. e5 fxe5 42. f3 Rb6 43. Rg6+ Nf6 44. Nd8+ Kd7 45. Nf7 Ke7 46. Nxe5 Re6 47. Rxg7+ Kf8 48. Rf7+ Kg8 49. Rxf6 Rxf6 50. g4 Re6
51. f4 Rf6 52. Ng6 Rd6 53. Nh4 Kh7 54. Ng2 Rd4 55. Ke2 c4 56. Ke3 Rd1 57. Ke2 Rd6 58. g5 c3 59. Ne3 Rd4 60. gxh6 Rd2+
61. Ke1 Rd8 62. Nc2 Rd2 63. Ne3 Kxh6 64. Nc4 Rd4 65. Na3 Kxh5 66. Ke2 Kg4 67. Ke3 Rd6 68. Ke4 Rd1 69. Ke3 Kf5 70. Ke2 Rd2+
71. Ke3 Rd5 72. Nc2 Kf6 73. Na3 Rd8 74. Nc2 Kf5 75. Na3 Rd5 76. Nc2 Kf6 77. Na3 Ke7 78. Ke4 Rd8 79. Ke3 Ke6 80. Ke4 Rd7
81. Ke3 Rd8 82. Ke2 Rd5 83. Ke3 Kd6 84. Ke4 Kc5 85. f5 Rd2 86. f6 Rf2 87. Kd3 Kb4 88. Nc2+ Kb3 89. Nd4+ Kb2 90. Ke4 Rxf6
91. Kd5 Rf2 92. Ke6 Rd2 93. Nf3 Rd1 94. Ne5 c2 95. Nc4+ Kc3 96. Nd6 Rxd6+ 97. Kxd6 Kd4 98. Ke6 c1=Q 99. Kf5 Qc6 100. Kf4 Qe4+
101. Kg3 Ke3 102. Kh2 Kf3 103. Kg1 Qg6+ 104. Kf1 Qb1#
0-1

[Event "Beth Harmon Loves A Good Knight"]
[Site "SchemingMind.com"]
[Date "2020.12.27"]
[Round "-"]
[White "Steven DuCharme"]
[Black "frankly"]
[Result "0-1"]
[WhiteCountry "USA"]
[BlackCountry "ENG"]
[WhiteElo "1554"]
[WhiteRD "55"]
[BlackElo "2617"]
[BlackRD "73"]
[GameID "463802"]

1. Nf3 d5 2. e3 Nf6 3. c4 c6 4. Be2 Bg4 5. O-O e6 6. cxd5 cxd5 7. Ne5 Bxe2 8. Qxe2 Bd6 9. Qb5+ Nbd7 10. Nxd7 Qxd7
11. Qxd7+ Kxd7 12. Nc3 Rac8 13. Nb5 a6 14. Nxd6 Kxd6 15. f3 d4 16. exd4 Nd5 17. b3 b5 18. a3 Rc2 19. Rb1 Nf4 20. Kf2 Rhc8
21. Ke3 Nxg2+ 22. Kd3 Nf4+ 23. Ke4 g5 24. h4 f5+ 25. Ke3 R8c3+ 26. Kf2 g4 27. fxg4 fxg4 28. Kg1 Rg3+ 29. Kh1 Rf3 30. Rxf3 gxf3
31. d3 Nh5
0-1

[Event "Beth Harmon Loves A Good Knight"]
[Site "SchemingMind.com"]
[Date "2020.12.27"]
[Round "-"]
[White "frankly"]
[Black "Steven DuCharme"]
[Result "1-0"]
[WhiteCountry "ENG"]
[BlackCountry "USA"]
[WhiteElo "2617"]
[WhiteRD "73"]
[BlackElo "1554"]
[BlackRD "55"]
[GameID "463803"]

1. e4 c6 2. d4 d5 3. e5 Bf5 4. Nf3 e6 5. Be2 Ne7 6. O-O h6 7. Nbd2 g5 8. Re1 Nd7 9. h3 Nc8 10. a4 a5
11. Nf1 Be7 12. Ne3 h5 13. Nxf5 exf5 14. Bd3 Nf8 15. Bxf5 Ne6 16. Re3 g4 17. hxg4 hxg4 18. Nh2 Nxd4 19. Qxd4 c5 20. Qxg4 Rh4
21. Qg8+ Bf8 22. e6
1-0

[Event "Beth Harmon Loves A Good Knight"]
[Site "SchemingMind.com"]
[Date "2020.12.27"]
[Round "-"]
[White "Derek Price"]
[Black "frankly"]
[Result "0-1"]
[WhiteCountry "ENG"]
[BlackCountry "ENG"]
[WhiteElo "2240"]
[WhiteRD "74"]
[BlackElo "2594"]
[BlackRD "63"]
[GameID "463804"]

1. c4 e5 2. Nc3 Nf6 3. Nf3 Nc6 4. g3 d5 5. cxd5 Nxd5 6. Bg2 Nb6 7. O-O Be7 8. d3 O-O 9. Be3 Be6 10. Rc1 f5
11. a3 a6 12. Na4 f4 13. Bc5 Nxa4 14. Qxa4 Kh8 15. Bxe7 Qxe7 16. Nd2 Nd4 17. Rfe1 Qf7 18. Qa5 fxg3 19. fxg3 Rae8 20. Bf3 Bh3
21. Rxc7 Qf6 22. Rxb7 Qh6 23. Kh1 Qe3 24. Qc7 Ne6 25. Qc1 Rc8 26. Qd1 Nd4 27. Bd5 Qf2 28. Rb6 Nc2 29. Rf1 Bxf1 30. Qxf1 Qxb6
31. Bf3 Qxb2 32. Nc4 Rxc4 33. dxc4 e4 34. Qf2 exf3 35. exf3 Qb1+ 36. Qg1 Qb7
0-1